000 00806nam a22002537a 4500
003 PE SENCICO BE
005 20251020182625.0
008 230112b |||||||| |||| 00| 0 eng d
020 _a978-84-15829-67-6
040 _aPE SENCICO BE
_cPE SENCICO BE
041 _aeng
082 _a747
_bI5
110 1 _9238
_aInstituto Monsa de Ediciones
245 1 _aMore than 100 kitchen designs /
_cInstituto Monsa de Ediciones
250 _a[1a ed.]
260 _aBarcelona:
_bMonsa,
_c2014
300 _a112 p. :
_bil. col., lams., fotog. ;
_c24 cm.
500 _aTexto en inglés.
650 1 4 _944
_aDiseño de interiores
650 2 4 _9199
_aDistribución de espacios (viviendas)
650 2 4 _925
_aDecoración de interiores
910 _bhfp
_chfp
942 _2ddc
_cLIB
_h747
_iI5
999 _c3774
_d3774